The charisma myth : (Record no. 688)

000 -LEADER
fixed length control field nam a22 a 4500
005 - DATE AND TIME OF LATEST TRANSACTION
control field 20170504152446.0
008 - FIXED-LENGTH DATA ELEMENTS--GENERAL INFORMATION
fixed length control field 170504b2012 enk||||| |||| 00| 0 eng d
020 ## - INTERNATIONAL STANDARD BOOK NUMBER
International Standard Book Number 9780670922871 (pbk.) :
Terms of availability £9.99
040 ## - CATALOGING SOURCE
Original cataloging agency AKMAL
082 ## - DEWEY DECIMAL CLASSIFICATION NUMBER
Classification number 158.2 CAB
090 ## - LOCALLY ASSIGNED LC-TYPE CALL NUMBER (OCLC); LOCAL CALL NUMBER (RLIN)
Classification number (OCLC) (R) ; Classification number, CALL (RLIN) (NR) 158.2
Local cutter number (OCLC) ; Book number/undivided call number, CALL (RLIN) CAB
100 #1 - MAIN ENTRY--PERSONAL NAME
Personal name Cabane, Olivia Fox
9 (RLIN) 1475
245 14 - TITLE STATEMENT
Title The charisma myth :
Remainder of title master the art of personal magnetism /
Statement of responsibility, etc. Olivia Fox Cabane
260 ## - PUBLICATION, DISTRIBUTION, ETC.
Place of publication, distribution, etc. London :
Name of publisher, distributor, etc. Portfolio,
Date of publication, distribution, etc. 2013
300 ## - PHYSICAL DESCRIPTION
Extent vi, 264 pages ;
Dimensions 20cm
500 ## - GENERAL NOTE
General note Originally published: 2012.
500 ## - GENERAL NOTE
General note Formerly CIP.
504 ## - BIBLIOGRAPHY, ETC. NOTE
Bibliography, etc. note Includes bibliographical references and index.
530 ## - ADDITIONAL PHYSICAL FORM AVAILABLE NOTE
Additional physical form available note Also issued online
599 ## - LOCAL NOTE
Local Note DALAM PROSES
650 #0 - SUBJECT ADDED ENTRY--TOPICAL TERM
Topical term or geographic name entry element Charisma (Personality trait)
9 (RLIN) 1272
942 ## - ADDED ENTRY ELEMENTS (KOHA)
Source of classification or shelving scheme
Koha item type Book
Holdings
Withdrawn status Lost status Source of classification or shelving scheme Damaged status Not for loan Collection code Home library Current library Shelving location Date acquired Inventory number Total Checkouts Full call number Barcode Date last seen Date last checked out Price effective from Koha item type
          NON-FICTION AKMAL Melaka AKMAL Melaka PINJAMAN 04.05.2017 100605 1 158.2 CAB 201701582 25.09.2019 30.08.2019 04.05.2017 Book
Pusat Sumber Maklumat Dato' Haji Sarmin Md Hussin, Akademi Kastam Diraja Malaysia, Melaka
Tel: 06-2331106 | Faks: 06-2313787